| 000 | 01014cam a2200313 i 4500 | ||
|---|---|---|---|
| 001 | 19866289 | ||
| 003 | OSt | ||
| 005 | 20230602155033.0 | ||
| 008 | 170807s2017 ke a b 000 0 eng | ||
| 010 | _a 2016343511 | ||
| 020 | _a9789966192257 | ||
| 040 |
_aDLC _beng _erda _cDLC |
||
| 042 |
_alcode _apcc |
||
| 043 | _af-ke--- | ||
| 082 |
_a306 _bPOL |
||
| 245 | 0 | 0 |
_aPolicy debate on 5 socio-economic issues in Kenya : _belections 2017. |
| 264 | 1 |
_aNairobi, Kenya : _bInstitute of Economic Affairs, _c[2017] |
|
| 300 |
_a70 pages : _bcolor illustrations ; _c30 cm |
||
| 336 |
_atext _btxt _2rdacontent |
||
| 337 |
_aunmediated _bn _2rdamedia |
||
| 338 |
_avolume _bnc _2rdacarrier |
||
| 504 | _aIncludes bibliographical references (pages 69). | ||
| 651 | 0 |
_aKenya _xSocial conditions. |
|
| 651 | 0 |
_aKenya _xEconomic conditions. |
|
| 710 | 2 | _aInstitute of Economic Affairs (Kenya) | |
| 906 |
_a7 _bcbc _corigode _d3 _encip _f20 _gy-gencatlg |
||
| 942 |
_2ddc _cBK |
||
| 999 |
_c211 _d211 |
||